Manual of photogrammetry (Record no. 92452)

MARC details
000 -LEADER
fixed length control field 00583cam a2200217 4500
001 - CONTROL NUMBER
control field D937
008 - FIXED-LENGTH DATA ELEMENTS--GENERAL INFORMATION
fixed length control field 090401t1980 xxu||||| |||| 00| 0 eng d
035 ## - SYSTEM CONTROL NUMBER
System control number (Sirsi) u48981
041 ## - LANGUAGE CODE
Language code of text/sound track or separate title eng
050 ## - LIBRARY OF CONGRESS CALL NUMBER
Classification number 526.982
100 ## - MAIN ENTRY--PERSONAL NAME
Personal name Slama, Chester C. (ed)
245 ## - TITLE STATEMENT
Title Manual of photogrammetry
250 ## - EDITION STATEMENT
Edition statement 4th
260 ## - PUBLICATION, DISTRIBUTION, ETC.
Place of publication, distribution, etc. Falls Church, Va
Name of publisher, distributor, etc. American Society of Photogrammetry
Date of publication, distribution, etc. 1980
300 ## - PHYSICAL DESCRIPTION
Extent xv. 1056p. 26cm
350 ## - PRICE (NR) (BK AM CF MU VM SE) [OBSOLETE]
Price 23
520 ## - SUMMARY, ETC.
Summary, etc. Superceded by 5th ed (ISBN 1570830711)
710 ## - ADDED ENTRY--CORPORATE NAME
Corporate name or jurisdiction name as entry element American Society of Photogrammetry
9 (RLIN) 3105
942 ## - ADDED ENTRY ELEMENTS (KOHA)
Suppress in OPAC 0
948 ## - LOCAL PROCESSING INFORMATION (OCLC); SERIES PART DESIGNATOR (RLIN)
c (OCLC) 04/03/1997
Holdings
Withdrawn status Lost status Source of classification or shelving scheme Damaged status Not for loan Home library Current library Shelving location Date acquired Cost, normal purchase price Total Checkouts Full call number Barcode Date last seen Copy number Cost, replacement price Price effective from Koha item type Date last checked out
    Dewey Decimal Classification     London London Books 14/09/1999 23.00   SHELF 439 30017445 06/08/2019 1 23.00 06/08/2019 Reference material  
    Dewey Decimal Classification     London London Basement 14/09/1999 23.00 1 SHELF 439 30017448 06/08/2019 2 23.00 06/08/2019 Book 10/02/2000